Grades de l'Armée de Terre française - Statistiques

Statistiques générales
  • Ce quiz a été pris 44 629 fois
  • Le résultat moyen est 11 sur 19
Statistiques - réponses
Grade % Correct
Lieutenant
80%
Caporal
78%
Sergent
76%
Colonel
72%
Capitaine
70%
Sergent-chef
64%
Soldat
64%
Adjudant
60%
Caporal-chef
60%
Commandant
60%
Adjudant-chef
54%
Major
53%
Sous-lieutenant
53%
Lieutenant-colonel
49%
Général d'armée
40%
Aspirant
35%
Général de brigade
35%
Général de division
31%
Général de corps d'armée
29%
Aucun quiz correspondant
Distribution des résultats
% des personnes avec chaque résultat
Percentile par nombre de réponses
Votre historique - résultats
Vous n’avez pas pris ce quiz